| 000 | 01132nam a22002777a 4500 | ||
|---|---|---|---|
| 999 |
_c120559 _d120559 |
||
| 003 | dpl | ||
| 005 | 20181121150736.0 | ||
| 008 | 181121b ||||| |||| 00| 0 eng d | ||
| 010 | _aB-240345 | ||
| 020 |
_c200.00 _a8188013159 |
||
| 035 | _aB-240345 | ||
| 037 | _bBPPD/PUB | ||
| 040 |
_aDPL _bHN _c0 |
||
| 082 |
_a640 _bशर्मासु |
||
| 100 |
_aशर्मा, सुमन _991256 |
||
| 245 |
_aगृह- व्यवस्था / _cसुमन शर्मा |
||
| 246 |
_aGrih vyavastha / _bby Suman Sharma |
||
| 260 |
_a दिल्ली _bकुनाल प्रकाशन _c2006 |
||
| 270 |
_bदिल्ली _aएल-४६ गली न. 5 शिवाजी मार्ग, करतार नगर _e110053 |
||
| 300 |
_a192पृ. _c21सेमी(सजिल्द ) |
||
| 650 |
_aगृह- व्यवस्था _x _z _952 |
||
| 650 |
_aगृह- व्यवस्था--पारिवारिक आय _991257 |
||
| 650 |
_aHouse kepping _991258 |
||
| 650 |
_aHome-law - Family income _991259 |
||
| 942 |
_2ddc _cHN _h640 _mशर्मासु |
||